|
|
|
|
| LEADER |
01250nab#a2200409#ar4500 |
| 001 |
000116005 |
| 003 |
SVKKK |
| 005 |
20150907105121.0 |
| 008 |
150907c2010 xo |||||||||||||||b|slo |
| FMT |
|
|
|
| 015 |
|
|
|a SNBRB2015/09
|
| 038 |
|
|
|a SVKKK
|
| 040 |
|
|
|a SVKKK
|b slo
|e AACR2
|
| 041 |
0 |
|
|a slo
|b slo
|
| 044 |
|
|
|a xo
|c SK
|
| 080 |
|
|
|a 544
|2 2008
|
| 080 |
|
|
|a 544.038
|2 2008
|
| 090 |
|
|
|a V.231664
|
| 245 |
1 |
0 |
|a Využitie potenciometrických titrácií pri molekulovom rozpoznávaní biomolekúl pomocou umelých bioreceptorov
|c Zuzana Vargová ... [et al.]
|
| 300 |
|
|
|b Obr.
|
| 504 |
|
|
|a Bibliogr. odkazy
|
| 546 |
|
|
|a Res. slov.
|
| 650 |
0 |
4 |
|a molekulárne rozpoznávanie
|
| 650 |
0 |
4 |
|a potenciometria
|
| 650 |
0 |
4 |
|a makrocyklické komplexy
|
| 700 |
1 |
|
|a Vargová, Zuzana
|4 aut
|
| 700 |
1 |
|
|a Bálentová, Eva
|4 aut
|
| 700 |
1 |
|
|a Walko, Martin
|4 aut
|
| 700 |
1 |
|
|a Arabuli, Lili
|4 aut
|
| 773 |
0 |
|
|t Využitie experimentálnych metód pri ochrane a podpore zdravia obyvateľstva. II. vedecká konferencia: zborník príspevkov
|d Košice : Univerzita Pavla Jozefa Šafárika v Košiciach, 2010
|g S. 183-189
|z 9788070978467
|
| 958 |
|
|
|a NB
|
| 974 |
|
|
|a Va
|
| 992 |
|
|
|a RZB
|
| BAS |
|
|
|
| 852 |
|
|
|a SVKKK
|b BIB
|
| EXP |
|
|
|
| 998 |
|
|
|a SLO
|